000 00705cam a2200217 a 4500
020 _a9780321599209 (student edition)
020 _a0321599209 (student edition)
020 _a9780321599650 (instructor edition)
020 _a0321599659 (instructor edition)
050 0 0 _aQA107.2
_b.D48 2009
245 0 0 _aDevelopmental mathematics: basic mathematics and algebra /
_cMargaret L. Lial ... [et al.].
250 _a2nd ed.
260 _aBoston :
_bPearson Education,
_c2009.
300 _axvi, 1231 p. :
650 0 _vTextbooks.
650 0 _vTextbooks.
650 0 _vTextbooks.
700 1 _aLial, Margaret L.
856 4 1 _uhttp://www.loc.gov/catdir/toc/ecip0827/2008038404.html
942 _2lcc
_cGEN
999 _c6741
_d6741